Loading...
Fine Arts - Other Fine Arts | 0 | 8 | 0 | 2 | 80 | 47 | 84.00 | 1 | 6 |
Literature - World/Other Literature | 0 | 5 | 0 | 0 | 50 | 68 | 99.40 | 0 | 2 |
Fine Arts - Classical Music | 0 | 4 | 0 | 2 | 40 | 43 | 88.75 | 0 | 1 |
Literature - European Literature | 0 | 3 | 1 | 0 | 25 | 75 | 80.00 | 0 | 2 |
Science - Other Science | 0 | 2 | 0 | 0 | 20 | 52 | 75.00 | 0 | 1 |
Literature - American Literature | 0 | 2 | 1 | 0 | 15 | 58 | 81.00 | 1 | 1 |
Literature - British Literature | 0 | 2 | 1 | 0 | 15 | 121 | 122.00 | 0 | 0 |
History - American History | 0 | 1 | 0 | 0 | 10 | 77 | 77.00 | 0 | 0 |
Pop Culture | 0 | 1 | 0 | 0 | 10 | 70 | 70.00 | 0 | 0 |
Science - Biology | 0 | 1 | 0 | 0 | 10 | 144 | 144.00 | 0 | 0 |
History - Other History | 0 | 0 | 1 | 0 | -5 | 0.00 | 0 | 0 | |
Fine Arts - Visual Fine Arts | 0 | 0 | 3 | 0 | -15 | 0.00 | 0 | 0 |